Five Coldest Countries by Continent - Statistics

General Stats
  • This quiz has been taken 76,976 times
    76,767 since last reset
  • The average score is 22 of 29
Answer Stats
Continent ° C Country % Correct
Asia / Europe -3.8 Russia
98%
North America -4.5 Canada
97%
North America 9.3 United States
96%
Europe 2.6 Finland
95%
Europe 2.7 Norway
95%
Europe 3.4 Sweden
95%
South America 9.3 Chile
92%
Europe 2.3 Iceland
92%
North America 21.8 Mexico
92%
South America 15.4 Argentina
91%
Oceania 22.1 Australia
91%
Oceania 11.0 New Zealand
91%
Asia 0.8 Mongolia
88%
Africa 18.5 South Africa
88%
South America 19.9 Peru
85%
South America 18.0 Uruguay
84%
South America 21.4 Bolivia
81%
Oceania 25.2 Fiji
73%
Africa 12.2 Lesotho
72%
North America 24.2 Guatemala
68%
North America 24.9 Honduras
63%
Oceania 25.2 Papua New Guinea
60%
Asia 2.8 Kyrgyzstan
59%
Asia 2.6 Tajikistan
59%
Oceania 24.8 Vanuatu
58%
Asia 5.7 Bhutan
55%
Africa 20.2 Morocco
46%
Africa 18.5 Rwanda
38%
Africa 20.1 Burundi
34%
No matching quizzes found
Score Distribution
Percent of People with Each Score
Percentile by Number Answered
Your Score History
You have not taken this quiz since the last reset